000 00747nam a2200253 a 4500
001 54286
003 BD-RjUL
005 20211209080110.0
008 161105s1977 enk b 001 0beng
020 _a0333223276 :
_c£7.95
035 _a(BD-RjUL) 54408
040 _aDLC
_cDLC
_dBD-RjUL
_beng
041 _aeng
082 0 0 _a822
_223
_bLAD 1977
245 1 0 _aLady Gregory :
_binterviews and recollections /
_cedited by E. H. Mikhail.
260 _aLondon :
_bMacmillan,
_c1977.
300 _axi, 113 p. ;
_c23 cm.
500 _aInclude index
650 0 _aAuthors, Irish
_y20th century
_xBiography.
_9162023
650 0 _aWomen and literature
_9162483
700 1 _aMikhail, E. H.
_9162027
942 _2ddc
_cBK
999 _c54286
_d54286